| 000 | 00000nas 2200000zi 4500 |
| 001 | 9.841482 |
| 003 | CaOODSP |
| 005 | 20251031145726 |
| 006 | m o d f |
| 007 | cr ||||||||||| |
| 008 | 170811c20169999qucar p o f0 a0eng|d |
| 022 | |a2819-1226|y2291-8019 |
| 040 | |aCaOODSP|beng|erda|cCaOODSP |
| 043 | |an-cn--- |
| 086 | 1 |aBC9-5/5E-PDF|zBC9-5/1-2017|zBC9-5/1-2016 |
| 110 | 2 |aCanadian Radio-television and Telecommunications Commission.|eauthor, |eissuing body. |
| 222 | 0|aAccess to Information Act, CRTC annual report |
| 245 | 10|aAccess to Information Act, CRTC annual report. |
| 246 | 3 |aAccess to Information Act, Canadian Radio-Television and Telecommunications Commission annual report |
| 264 | 1|aHull, Quebec : |bCanadian Radio-Television and Telecommunications Commission = Conseil de la radiodiffusion et des télécommunications canadiennes, |c2016- |
| 310 | |aAnnual |
| 336 | |atext|btxt|2rdacontent |
| 337 | |acomputer|bc|2rdamedia |
| 338 | |aonline resource|bcr|2rdacarrier |
| 362 | 1 |aBegan with 2015/2016. |
| 500 | |aIssued also in French under title: Lois sur l'accès à l'information, rapport annuel du CRTC. |
| 610 | 20|aCanadian Radio-television and Telecommunications Commission.|vPeriodicals. |
| 610 | 10|aCanada. |tAccess to Information Act|vPeriodicals. |
| 650 | 0|aFreedom of information|zCanada|vPeriodicals. |
| 650 | 0|aPublic records|xAccess control|zCanada|vPeriodicals. |
| 655 | 7|aPeriodicals|2lcgft |
| 775 | 08|tLoi sur l'accès à l'information, rapport annuel du CRTC.|w(CaOODSP)9.841484 |
| 780 | 00|tAnnual report. |w(CaOODSP)9.841319 |